000 00734nam a2200253Ia 4500
003 OSt
005 20220927111941.0
006 a|||||r|||| 00| 0
007 ta
008 220926b |||||||| |||| 00| 0 eng d
024 _a84403
037 _cReports
040 _aRTL
_cRTL
_beng
041 _2eng
_aeng
082 _a"X9(D66,EM):531.2.N54t, J5"
110 _aIndia Tariff (Commission)
245 0 _aReport on the continuance protection to the electr
260 _aDelhi
_bManager of Publicaitons India
_c1955
300 _a56p.
_ccm.
650 _aElectrical
700 _aIndia Tariff (Commission)
942 _h"X9(D66,EM):531.2.N54t, J5"
_cCC
999 _c699661
_d699661